| 000 | 00561cam a2200193ua 4500 | ||
|---|---|---|---|
| 001 | 532 | ||
| 008 | 110407n ii |||gr||||Z||||||eng | ||
| 020 | _a81-207-1560-8 | ||
| 040 | _cMAIN | ||
| 082 | _a327.2 | ||
| 245 | 1 | 1 |
_aInternational relations and politics. : _bdiplomatic history between two world wars. / _cBy J C Johari. |
| 250 | _a1st. | ||
| 260 |
_aNew Delhi.: _bSterling publications.,996. |
||
| 300 | _axii, 489 p.:6 cm. | ||
| 653 | _aPolitical science. | ||
| 653 | _aInternational relations and politics. | ||
| 700 | _aJohari, J C., | ||
| 942 | _cBK | ||
| 999 |
_c470 _d470 |
||